Papel de raquis de banano en Costa Rica : historia y aspectos técnicos, período de 1976 a 2002

Сохранить в:
Библиографические подробности
Главный автор: Blanco Rojas, María Lorena, 1959- 2011
Формат:
Опубликовано: San José, Costa Rica. : Editorial Universidad de Costa Rica 2008
Предметы:
Метки: Добавить метку
Нет меток, Требуется 1-ая метка записи!

MARC

LEADER 00000nam a2200000Ia 4500
003 000450
005 20221231144024.0
008 140114s2008 c a 000 ||s d
020 |a 9789968460613 
040 |c cru CEDI 
082 |a 676.2 B638p 
100 |a Blanco Rojas, María Lorena, 1959- 2011  |9 18095 
245 |a Papel de raquis de banano en Costa Rica : historia y aspectos técnicos, período de 1976 a 2002 
260 |a  San José, Costa Rica. : Editorial Universidad de Costa Rica  |c 2008 
300 |a  ixi, 101 páginas : ilustraciones (algunas a color) 
650 |x RAQUIS DE BANANO - INDUSTRIA Y COMERCIO - COSTA RICA   |x PAPEL   |x PRODUCTOS DEL BANANO  |9 18096 
942 |c BK  |2 ddc 
999 |c 15732  |d 15732